000 00665nam a2200289Ia 4500
005 20260324134308.0
008 008 260324s9999 xx 000 0 eng d
020 _a9780203950906
037 _aEBOOK
040 _aCRL
040 _beng
040 _cCRL
041 _2eng
041 _aeng
084 _qCRL
100 _aHoward Bryant
_91196289
245 0 _aShut Out
245 2 _bA Story of Race and Baseball in Boston
260 _bTaylor and Francis
260 _c2002
365 _a
365 _b300
856 _uhttp://www.taylorfrancis.com/books/9780203950906
942 _cEBOOK
999 _c1796223
_d1796223